00878ata a2200289 450000500170000000800410001702000150005804100080007308200200008110000350010124501100013626000150024626000300026126000090029130000180030044000270031865000340034565000150037965000300039465000310042465000140045565000290046965000290049894200120052799900150053995200340055420240604112532.0150526b xxu||||| |||| 00| 0 spa d a9977677824 aESP a577.562.7 A481p aAmador Berrocal, Sonia María aPrincipales problemas ecológicos derivados del crecimiento demográfico y el proceso de urbanización aCosta Rica bUniversidad de Costa Rica c2003 a207 páginas aProblemas ecológicos aCRECIMIENTO DE LA POBLACIÓN aECOLOGÍA aCONTAMINACIÓN AMBIENTAL aCONTAMINACIÓN ACÚSTICA aURBANISMO aCONTAMINACIÓN DEL AGUA aCONTAMINACIÓN DEL AGUA cBK2ddc c5983d5983 o577.562.7 A481pp9716xTUyBK